00738nam a2200181 a 450000100100000000500170001000800410002704000250006810000270009324501060012026000710022630000200029749000370031770000360035483000440039095201050043499900170053900004500820201002045812.0150128s1964 xxu 000 0 spa d aDO-SdBNPbspacBNPHU1 aOlson, Natanael97301810aComo ganar a tu familia para cristo. /cNatanael Olson; versión castellana, Ildefonso Villarello V. aEl Paso, Texas, EE. UU., :bCasa Bautista de publicaciones,c1964. a81 p. ;c19 cm.1 aBiblioteca de libros condensados12aVillarello V., Ildefonso973019 0aBiblioteca de libros condensados959493 001050718MOaGRbGRcCTd2015-01-28iLF1l0o p45008-10r2020-06-25w2020-06-25y1ZNo se presta c44497d44497